Central Library OPAC University of Rajshahi

The horror : (Record no. 85770)

MARC details
000 -LEADER
fixed length control field 01259nam a2200337 a 4500
001 - CONTROL NUMBER
control field 85770
003 - CONTROL NUMBER IDENTIFIER
rucl marc code BD-RjUL
005 - DATE AND TIME OF LATEST TRANSACTION
control field 20250929133759.0
008 - FIXED-LENGTH DATA ELEMENTS--GENERAL INFORMATION
fixed length control field 250929s2000 bg a b 001 0 eng
020 ## - INTERNATIONAL STANDARD BOOK NUMBER
International Standard Book Number 9843109775
International Standard Book Number 9789843109774
035 ## - SYSTEM CONTROL NUMBER
System control number (BD-RjUL)85770
040 ## - CATALOGING SOURCE
Original cataloging agency DLC
Transcribing agency DLC
Modifying agency DLC
-- BD-RjUL
Language of cataloging eng
041 ## - LANGUAGE CODE
Language code of text/sound track or separate title eng
082 ## - DEWEY DECIMAL CLASSIFICATION NUMBER
Edition number 23
Classification number 306.74
Author mark and year ULH 2000
100 1# - MAIN ENTRY--PERSONAL NAME
Personal name Ullah, A. K. M. Ahsan,
Relator term author.
9 (RLIN) 17021
245 14 - TITLE STATEMENT
Title The horror :
Remainder of title a study on commercial sex and the risk of HIV/AIDS in Bangladesh /
Statement of responsibility, etc. A.K.M. Ahsan Ullah, Abdar Rahman.
260 ## - PUBLICATION, DISTRIBUTION, ETC. (IMPRINT)
Place of publication, distribution, etc. Dhaka :
Name of publisher, distributor, etc. Association for Rural Development and Studies (ARDS) and BRAC, Research and Evaluation Division,
Date of publication, distribution, etc. 2000.
300 ## - PHYSICAL DESCRIPTION
Pagination 144 p. :
Illustrations ill. ;
Size 22 cm.
336 ## - CONTENT TYPE
Content type term text
Content type code txt
Source rdacontent
337 ## - MEDIA TYPE
Media type term unmediated
Media type code n
Source rdamedia
338 ## - CARRIER TYPE
Carrier type term volume
Carrier type code nc
Source rdacarrier
504 ## - BIBLIOGRAPHY, ETC. NOTE
Bibliography, etc Includes bibliographical references (p. [107]-117) and index.
650 #0 - SUBJECT ADDED ENTRY--TOPICAL TERM
Topical term or geographic name as entry element Prostitution
Geographic subdivision Bangladesh.
9 (RLIN) 17022
Topical term or geographic name as entry element AIDS (Disease)
Geographic subdivision Bangladesh.
9 (RLIN) 17023
700 1# - ADDED ENTRY--PERSONAL NAME
Personal name Rahman, Abdar.
710 2# - ADDED ENTRY--CORPORATE NAME
Corporate name or jurisdiction name as entry element Association for Rural Development and Studies (Dhaka, Bangladesh)
9 (RLIN) 17025
Corporate name or jurisdiction name as entry element Bangladesh Rural Advancement Committee.
9 (RLIN) 17026
942 ## - ADDED ENTRY ELEMENTS (KOHA)
Source of classification or shelving scheme Dewey Decimal Classification
Koha item type Books
Holdings
Lost status Source of classification or shelving scheme Damaged status Not for loan Collection code Permanent Location Current Location Shelving location Date acquired Source of acquisition Full call number Date last seen Copy number Koha item type
  Dewey Decimal Classification   Not For Loan Non-fiction Central Library, University of Rajshahi Central Library, University of Rajshahi Reading Room 09/09/2024 C-1 306.74 ULH 2000 29/09/2025 C-1 Books